000 00440nam a2200205Ia 4500
008 210210b1925 xxu||||| |||| 00| 0 eng d
041 _aeng
082 _a828/369
100 _aLEE (Sidney)
245 _aKing Edward VII Vol 2
260 _aLondon
_bMacmillan & Co. Ltd.
_c1925
440 _a2
650 _aVol
650 _aVII
650 _aKing
650 _aEdward
650 _a2
690 _aBiography
906 _a016214
999 _c135635
_d135635